Normal view
MARC view
Entry Personal Name
001 - CONTROL NUMBER
- control field: 14774
003 - CONTROL NUMBER IDENTIFIER
- control field: OSt
005 - DATE AND TIME OF LATEST TRANSACTION
- control field: 20210908161759.0
008 - FIXED-LENGTH DATA ELEMENTS
- fixed length control field: 210908|| aca||aabn | a|a d
040 ## - CATALOGING SOURCE
- Original cataloging agency: OSt
- Transcribing agency: OSt
100 ## - HEADING--PERSONAL NAME
- Personal name: Edited by:Andrew, Blowers: Chris,Hamnett: Philip,Sarre
670 ## - SOURCE DATA FOUND
- Source citation: Work cat.: (OSt): Edited by:Andrew, Blowers: Chris,Hamnett: Philip,Sarre, The Future of cities., 1974
